| 000 | 005550000a22001810004500 | ||
|---|---|---|---|
| 090 |
_aAR _b02747 |
||
| 245 | 1 | 0 | _aSclerotiniaceae XVI. on Helotium rufo-corneum and Helotium fraternum |
| 650 | 1 | 4 |
_aMicología _97797 |
| 650 | 1 | 4 |
_aTaxonomía vegetal _992262 |
| 650 | 1 | 4 |
_aMorfología vegetal _918295 |
| 650 | 1 | 4 |
_aVariación geográfica _994577 |
| 653 |
_gHelotium _eHelotium rufo-corneum |
||
| 653 |
_gHelotium _eHelotium |
||
| 041 | 0 | _aInglés | |
| 100 | 1 |
_aDumont, Kent P. _996188 |
|
| 942 | _cARTICULO | ||
| 773 | 1 |
_tMycotaxon _31308 _h1 _q255-277 _d1980 _g12 |
|
| 999 |
_c11808 _d11808 |
||